Environmental sanitation, wastewater treatment and disposal (Record no. 496)

000 -LEADER
fixed length control field 00680nam a22002417a 4500
001 - CONTROL NUMBER
control field 496
003 - CONTROL NUMBER IDENTIFIER
control field BD-DhUET
008 - FIXED-LENGTH DATA ELEMENTS--GENERAL INFORMATION
fixed length control field 140722b xxu||||| |||| 00| 0 eng d
020 ## - INTERNATIONAL STANDARD BOOK NUMBER
International Standard Book Number 9789848920169
040 ## - CATALOGING SOURCE
Transcribing agency 0
Modifying agency BD-DhUET
082 ## - DEWEY DECIMAL CLASSIFICATION NUMBER
Classification number 628
Item number TAN / 2013
100 ## - MAIN ENTRY--PERSONAL NAME
Personal name Tanveer Ferdous Saeed
245 ## - TITLE STATEMENT
Title Environmental sanitation, wastewater treatment and disposal
250 ## - EDITION STATEMENT
Edition statement 1st ed.
260 ## - PUBLICATION, DISTRIBUTION, ETC. (IMPRINT)
Place of publication, distribution, etc. Dhaka
Name of publisher, distributor, etc. University Grants Commission of Bangladesh
Date of publication, distribution, etc. 2013
300 ## - PHYSICAL DESCRIPTION
Extent xvi, 343p. :
504 ## - BIBLIOGRAPHY, ETC. NOTE
Bibliography, etc Includes bibliographies
650 #0 - SUBJECT ADDED ENTRY--TOPICAL TERM
Topical term or geographic name as entry element Environmental engineering
650 #0 - SUBJECT ADDED ENTRY--TOPICAL TERM
Topical term or geographic name as entry element Sanitation engineering
700 ## - ADDED ENTRY--PERSONAL NAME
Personal name Abdullah Al-Muyeed
700 ## - ADDED ENTRY--PERSONAL NAME
Personal name Tanvir Ahmed
942 ## - ADDED ENTRY ELEMENTS (KOHA)
Koha item type General Book
Holdings
Lost status Source of classification or shelving scheme Copy number Date acquired Not for loan Koha full call number Price effective from Shelving location Koha item type Withdrawn status Damaged status Koha issues (times borrowed) Koha date last borrowed Piece designation (barcode) Sublocation or collection (holding branch) Koha date last seen Location (home branch) Koha normalized classification for sorting
  12014-07-22 628/TAN/20132014-07-22Circulation sectionGeneral Book    112448Central Library, BUET2014-07-22Central Library, BUET628TAN2013
  22014-07-22 628/TAN/20132014-07-22Circulation sectionGeneral Book    112449Central Library, BUET2016-11-16Central Library, BUET628TAN2013
  32014-07-22 628/TAN/20132014-07-22Circulation sectionGeneral Book    112450Central Library, BUET2014-07-22Central Library, BUET628TAN2013
  42014-07-22 628/TAN/20132014-07-22Circulation sectionGeneral Book    112451Central Library, BUET2014-07-22Central Library, BUET628TAN2013
  52014-07-22 628/TAN/20132014-07-22Circulation sectionGeneral Book    112452Central Library, BUET2014-07-22Central Library, BUET628TAN2013
  62014-07-22 628/TAN/20132014-07-22Circulation sectionGeneral Book    112453Central Library, BUET2016-10-18Central Library, BUET628TAN2013
  72014-07-22 628/TAN/20132014-07-22Circulation sectionGeneral Book    112454Central Library, BUET2016-01-18Central Library, BUET628TAN2013
  82014-07-22 628/TAN/20132014-07-22Circulation sectionGeneral Book  12020-02-18112455Central Library, BUET2020-02-23Central Library, BUET628TAN2013
  92014-07-22 628/TAN/20132014-07-22Circulation sectionGeneral Book    112456Central Library, BUET2014-07-22Central Library, BUET628TAN2013
  102014-07-22 628/TAN/20132014-07-22Circulation sectionGeneral Book    112457Central Library, BUET2016-12-03Central Library, BUET628TAN2013